| 000 | 01090nas a2200337 4500 | ||
|---|---|---|---|
| 001 | BR2013006598 | ||
| 003 | BR-BrBNA | ||
| 005 | 20231205122821.0 | ||
| 007 | ta | ||
| 008 | 230509b bl.|||p| |||| 00| 00por d | ||
| 040 |
_aBR-BrBNA _bpor _cBiblioteca Nacional de Agricultura |
||
| 041 | _a(Pt) | ||
| 072 | _aF40 | ||
| 100 | 1 | _aModro, A.F.H. | |
| 100 | 1 | _aMessage, D. | |
| 100 | 1 | _aLuz, C.F.P. da | |
| 100 | 1 | _aMeira Neto, J.A.A. | |
| 245 | 1 | _aFlora de importância polinífera para Apis mellifera (L.)na região de Viçosa, MG | |
| 246 | 1 | _aFlora of polliniferous importance for Apis mellifera (L.)in the region of Viçosa, MG | |
| 650 | _aAPIS MELLIFERA | ||
| 650 | _aABELHA | ||
| 650 | _aFLORA | ||
| 650 | _aPÓLEN | ||
| 650 | _aPOLINIZAÇÃO | ||
| 650 | _aECOLOGIA VEGETAL | ||
| 650 | _a | ||
| 773 | 0 |
_tRevista Árvore (Brazil) _xISSN 0100-6762 _g(Sep-Oct 2011), v. 35(5) p. 1145-1153 _wBR2013006598 |
|
| 856 | 4 |
_uhttp://www.scielo.br/pdf/rarv/v35n5/a20v35n5.pdf _yRecurso eletrônico (PDF) |
|
| 909 |
_a202311 _bLúcia _c55 _dLúcia Elande |
||
| 942 |
_2AGRIS _n0 _cANA |
||
| 999 |
_c230734 _d230734 |
||